[Event "New Delhi Parsvnath op 8th"]
[Site "New Delhi"]
[Date "2010.01.14"]
[Round "1"]
[White "Rajiv, Vasudev"]
[Black "Turov, Maxim"]
[Result "0-1"]
[WhiteElo "1892"]
[BlackElo "2584"]
[PlyCount "68"]
[EventDate "2010.01.14"]
[EventType "swiss"]
[EventRounds "11"]
[EventCountry "IND"]
[SourceTitle "CBM 134 Extra"]
[Source "ChessBase"]
[SourceDate "2010.03.03"]
[SourceVersion "1"]
[SourceVersionDate "2010.03.03"]
[SourceQuality "1"]

1. e4 c6 2. d4 d5 3. Nc3 dxe4 4. Nxe4 Bf5 5. Ng3 Bg6 6. h4 h6 7. h5 Bh7 8. Nf3 Nf6 9. Bd3 Bxd3 10. Qxd3 e6 11. Bd2 Nbd7 12. c4 Be7 13. 0-0-0 b5 14. cxb5 cxb5 15. Kb1 0-0 16. Ne4 Nxe4 17. Qxe4 Nf6 18. Qe2 Qd5 19. g4 Nxg4 20. Rdg1 f5 21. Re1 Qe4+ 22. Ka1 Rac8 23. Rhg1 Qxe2 24. Rxe2 Bf6 25. Rxe6 Rfe8 26. Ra6 Re2 27. Bxh6 Rxf2 28. Ne5 Bxe5 29. dxe5 gxh6 30. Rxh6 Rfc2 31. Rg6+ Kh7 32. Kb1 Nxe5 33. Rg7+ Kh8 34. h6 Nd3 0-1